[Event "Trzcianka Dziedzic Memorial 3rd"]
[Site "Trzcianka"]
[Date "2013.03.03"]
[Round "7"]
[White "Wojtaszek, Radoslaw"]
[Black "Kempinski, Robert"]
[Result "1-0"]
[WhiteElo "2700"]
[BlackElo "2599"]
[PlyCount "75"]
[EventDate "2013.03.03"]
[EventType "swiss (rapid)"]
[EventRounds "9"]
[EventCountry "POL"]
[SourceTitle "CBM 153 Extra"]
[Source "ChessBase"]
[SourceDate "2013.04.22"]
[SourceVersion "1"]
[SourceVersionDate "2013.04.22"]
[SourceQuality "1"]

1. d4 g6 2. c4 Bg7 3. Nf3 Nc6 4. d5 Ne5 5. Nxe5 Bxe5 6. e4 d6 7. Nd2 Bg7 8. Bd3
Nf6 9. O-O O-O 10. h3 c6 11. Nf3 Nd7 12. Re1 Nc5 13. Bc2 cxd5 14. cxd5 Bd7 15.
Rb1 a5 16. Be3 Rc8 17. Bd4 Bh6 18. e5 dxe5 19. Nxe5 Bg7 20. Qf3 Be8 21. Rbd1
Na6 22. Bb1 Qd6 23. Bc3 b5 24. Qe3 b4 25. Bd4 Bb5 26. Ng4 Bxd4 27. Qxd4 h5 28.
Nh6+ Kh7 29. Nxf7 Rxf7 30. Re6 Qc5 31. Bxg6+ Kg8 32. Bxf7+ Kxf7 33. Qf4+ Ke8
34. Rde1 Kd7 35. Rxe7+ Qxe7 36. Qf5+ Kd8 37. Rxe7 Rc1+ 38. Kh2 1-0

[Event "World-ch33-KK4 Kasparov-Karpov +4-4=16"]
[Site "Seville"]
[Date "1987.10.30"]
[Round "7"]
[White "Karpov, Anatoly"]
[Black "Kasparov, Garry"]
[Result "1/2-1/2"]
[WhiteElo "2700"]
[BlackElo "2740"]
[Annotator "Bulletin"]
[PlyCount "158"]
[EventDate "1987.10.12"]
[EventType "match"]
[EventRounds "24"]
[EventCountry "ESP"]
[SourceTitle "MainBase"]
[Source "ChessBase"]
[SourceDate "1999.07.01"]
[SourceVersion "2"]
[SourceVersionDate "1999.07.01"]
[SourceQuality "1"]

1. d4 Nf6 2. c4 g6 3. Nc3 d5 4. cxd5 Nxd5 5. e4 Nxc3 6. bxc3 Bg7 7. Bc4 c5 8.
Ne2 Nc6 9. Be3 O-O 10. O-O Bg4 11. f3 Na5 12. Bxf7+ Rxf7 13. fxg4 Rxf1+ 14.
Kxf1 Qd6 15. e5 Qd5 16. Bf2 Rd8 $5 $44 {N} 17. Qe1 (17. Nf4 $6 Qf7 $1 (17...
Qe4 18. Qf3 Qxf3 19. gxf3 Rf8 20. Nd5 Rxf3 21. Ke2 $16) (17... Qc4+ 18. Qd3
Qxd3+ 19. Nxd3 cxd4 20. cxd4 Nc6 21. Nc5 (21. Rc1 Nxd4 22. Rc7 b6 23. Rxe7 Nc6
24. Rc7 Rxd3 25. Rxc6 Bxe5 $10) 21... Nxd4 22. Nxb7 Rd5 23. Re1 Rxe5 24. Rxe5
Bxe5 25. Nd8 a6 $10) 18. Qf3 Nc4 (18... Rf8 19. Qd5) 19. Kg1 (19. Rd1 $6 Bh6
$17) 19... cxd4 20. cxd4 Nxe5 21. dxe5 Bxe5 22. Rf1 Qxf4 23. Qxf4 Bxf4 24. Bxa7
$10 {/\} g5 25. g3 Bd2 26. Kg2 Ra8 27. Bc5 Rxa2 28. Bxe7 $5 Bb4+ 29. Kh3 Bxe7
30. Rf8+) (17. Qa4) 17... Qe4 $1 18. g5 (18. h3 Bh6 $44 {|^}) 18... Qf5 (18...
Qg4 $5) 19. h4 Nc4 20. Kg1 Qg4 21. a4 $1 h6 $1 22. Ra2 (22. Ng3 $2 cxd4 $36) (
22. gxh6 Bxh6 23. Ng3 cxd4 24. cxd4 Rxd4 $1) 22... hxg5 23. Qb1 $5 (23. hxg5
Qxg5 24. Ng3 Qg4 {/\ Be5=}) 23... gxh4 $10 (23... cxd4 24. cxd4 gxh4 25. Qb3
Rc8 26. Rc2 h3 27. Bg3 $1 (27. Qxb7 $2 Rf8 $1 28. Bg3 (28. Rxc4 Qxe2 29. Qd5+
Kh7 30. Bg3 e6 31. Qc6 Rc8 $19) 28... h2+ $1 29. Bxh2 (29. Kxh2 Rf1 $19) 29...
Qf5 30. Rc1 Qf2+ 31. Kh1 Qxe2 32. Qd5+ Kh7 33. Qxc4 Rf1+ $19) (27. Qxh3 Qxh3
28. gxh3 a6 29. Nf4 b5 30. axb5 axb5 31. Nxg6 Kf7 32. Nf4 b4 $44) (27. g3 Kh7
28. Rxc4 Qxe2 $1 (28... Rxc4 $6 29. Qxc4 Qf3 30. Nf4 h2+ 31. Kxh2 Qxf2+ 32. Kh3
$16) 29. Rxc8 h2+ 30. Kxh2 Qxf2+ 31. Kh1 $10) 27... Qe6 (27... Kh7 28. gxh3 Qe6
$16) 28. gxh3 $16) (23... Kh7 24. hxg5 (24. Qb5 $2 Nxe5 25. dxe5 Rd1+ 26. Kh2
Bxe5+ $19) (24. Qxb7 $2 Nxe5 25. Qxe7 Rd7 26. Qe8 Qe4 $1 27. dxe5 (27. Qb8 Rb7
$19) 27... Rd1+ 28. Kh2 Bxe5+ $19) (24. Qb3 $2 Nb6 25. Qf7 Rf8 26. Qxe7 Qf5 27.
Nc1 Qb1 28. Be3 Nd5 29. Qxg5 Nxe3 30. Qxe3 Bh6 $19) (24. h5 $6 Qxh5 25. Qe4
Nxe5 $15) 24... Qxg5 25. Qd3 Na5 (25... Nxe5 $2 26. Qh3+) (25... Nb6 26. Rb2
Qxe5 27. a5 Nc8 28. Rxb7 cxd4 29. Rb5 $36) 26. Qh3+ Bh6 27. Qe6 Rf8 28. Rb2 $14
) 24. Qb3 Qe6 25. Nf4 (25. Bxh4 Bh6 $36) 25... Qf7 26. Nxg6 Qxg6 (26... h3 $2 {
/\} 27. Nxe7+ Kh8 28. Bh4 $1 (28. gxh3 Bxe5 29. dxe5 Qf3 30. Ra1 (30. Qxc4 Rd1+
31. Qf1 Rxf1+ 32. Kxf1 Qxh3+ 33. Ke1 Qe6 $17) 30... Ne3 31. Bxe3 Qxe3+ 32. Kh1
$8 Qxh3+ 33. Kg1 Qg3+ 34. Kh1 Qh4+ 35. Kg1 Qxe7 36. Ra2 $10) 28... cxd4 29. Rf2
(29. Ng6+ $6 Qxg6 30. Bxd8 Nxe5 (30... Qg3 31. Bf6 $8 Bxf6 32. exf6 Nd2 33.
Rxd2 h2+ 34. Kh1 Qe1+ $10) 31. cxd4 Nd3 $44) (29. cxd4 Rxd4 30. Qxh3 Qh5 $8 31.
Qc8+ Kh7 32. Qg8+ Kh6 33. Qe6+ Kh7 $10) 29... Qe6 30. Rf5 (30. Ng6+ $2 Qxg6 31.
Bxd8 Qg3 $36 {/\ h2}) (30. Rf6 $2 Qg4) 30... d3 31. Rh5+ Bh6 32. Bf6+ Kh7 33.
Qxb7 Qb6+ (33... Qg4 34. Nf5+ Kg6 35. Rxh6+ Kxf5 36. Qh7+ Kf4 37. Rh4 d2 38.
Rxg4+ Kxg4 39. Qxh3+ Kf4 40. Qf3#) 34. Qxb6 axb6 35. Bg5 d2 36. Rxh6+ Kg7 37.
Nf5+ Kg8 38. Bxd2 Rxd2 39. Rxh3 $18) (26... Nxe5 $6 27. Qxf7+ $5 (27. Nxe7+ Kf8
28. Qxf7+ Kxf7 29. dxe5 Rd1+ 30. Kh2 Bxe5+ 31. Kh3 Kxe7 32. Bxc5+ Ke6 33. Bxa7
Kf5 34. g4+ hxg3 $15) 27... Nxf7 28. Nxe7+ Kh7 29. Nf5 Bf6 (29... cxd4 30. Nxg7
Kxg7 (30... d3 $2 31. Bd4 $18) 31. Bxd4+ Kg6 32. Bxa7 $16) 30. dxc5 Rd1+ 31.
Kh2 Be5+ 32. Kh3 $14 {/\} Ng5+ 33. Kxh4 Ne4 34. Re2 Rh1+ 35. Kg4 Nxf2+ 36. Rxf2
Bxc3 37. Kg5 $16) 27. Qxc4+ Kh8 (27... Kh7 28. Qe2 h3 29. Qc2 $10) 28. Rb2 (28.
Bxh4 Qb1+ 29. Kh2 cxd4 30. cxd4 Qe4 (30... Qh7 31. g3) (30... Rxd4 $10) 31. Bg3
(31. g3 $2 Bxe5 32. Bxe7 Bxg3+ $19) 31... Rxd4 (31... Qxd4 32. Qxd4 Rxd4 33. a5
$10) 32. Qc8+ Kh7 33. Qh3+ Bh6 34. Qe6 $10) (28. Qe2 $5) 28... cxd4 (28... h3
$5 29. Qf1 (29. g3 $2 Bxe5 30. Qf1 (30. dxe5 Rd1+ 31. Kh2 Rh1+ $1 32. Kxh1 Qc6+
$19) 30... cxd4 31. Qxh3+ Kg8 $1 $17) 29... cxd4 (29... Bxe5 $2 30. dxe5 hxg2
31. Qe2 $1 $8 (31. Qxg2 $2 Rd1+ 32. Kh2 Qh5+ 33. Kg3 Rd3+ 34. Kf4 Qf7+ $1 $19)
31... Rg8 32. e6 Qh6 33. Qe5+ Rg7 34. Qh2 $18) 30. cxd4 Qf5 (30... Rc8 31. g3
Bh6 32. Qxh3 Rc1+ 33. Kh2 Kg7 34. Rxb7 Bg5 35. Rb8) (30... Rf8 31. g3 h2+ 32.
Kxh2 (32. Kh1 $2 Rf5 33. Rb3 (33. Kxh2 Rh5+ 34. Kg1 Qc6 $19) (33. Rxb7 Qc6+ 34.
Qg2 Qc1+ 35. Kxh2 Rh5+ $19) 33... Qc6+ 34. Qg2 Rxf2 $19) 32... Rf5 33. Kg1 (33.
Qg2 $2 Rh5+ 34. Kg1 Qd3 $1 $19) (33. Rd2 $2 Bh6 34. Rd3 Rxf2+ $19) 33... Rh5
34. Re2 $1 Qa6 {/\ 35.Rc2 Rh1, /\ 35.Qd1 Qh6} 35. g4 $1 $16) (30... Qg4 31. g3
{/\ Kh2=}) (30... b6 31. g3 Qf5 32. Qe2 $10) 31. g3 (31. gxh3 $2 Bxe5 32. dxe5
Rg8+ 33. Bg3 $8 Rxg3+ 34. Rg2 Qxf1+ 35. Kxf1 Rxg2 36. Kxg2 b6 37. Kf3 e6 $19) (
31. Rxb7 $6 Rxd4) 31... b6 32. Qe2 $5 (32. Be3 $2 Qxf1+ 33. Kxf1 Bxe5 $1 34.
dxe5 Rd1+ 35. Ke2 h2 $19) (32. Kh2 Rxd4 33. Qxh3+ Qxh3+ 34. Kxh3 Rxa4) (32. Re2
Bh6 $36)) 29. cxd4 Qg4 (29... h3 30. g3 (30. Qf1 Qf5 {- 28...h3}) 30... Qf5 31.
Kh2 b6 32. Qe2 Bh6 33. Rb3 Rf8 34. Bg1 $14) 30. Qf7 $5 (30. Qe2 Rxd4 31. Bxd4 (
31. Qxg4 Rxg4 32. Rxb7 $10) 31... Qxd4+ 32. Qf2 (32. Kh1 Bxe5 $10) 32... Bxe5 (
32... Qd1+ 33. Qf1 Qd4+ $10) 33. Re2 (33. Rd2 $2 Qa1+) (33. Rb1 $2 Bh2+ 34. Kf1
Qd3+) 33... Kh7 $10) 30... Rxd4 $6 (30... Rf8 $2 31. Qxe7 $16) (30... h3 31.
Qf3 Rxd4 32. Bxd4 Qxd4+ 33. Rf2 $14 (33. Qf2 h2+ $1 34. Kh1 Qd1+ 35. Kxh2 Bxe5+
36. g3 $10)) (30... Rg8 31. Be3 (31. Qxe7 Bh6 32. Bxh4 Be3+ 33. Kf1 (33. Kh2
Bf4+ $10) 33... Qd1+ 34. Be1 Qd3+ 35. Re2 Qf5+ $10) 31... h3 (31... Rf8 $2 32.
Qxe7 Qd1+ (32... h3 33. Qg5 Rf1+ 34. Kh2 $18) 33. Kh2 Qe1 34. Bf2 $1 (34. Rxb7
Qg3+ 35. Kh1 Rf1+ 36. Bg1 Rxg1+ 37. Kxg1 Qe1+ $10) 34... Rxf2 35. Qxh4+ $18)
32. Qf4 $1 $14) (30... Bh6 $1 31. Qf3 (31. Rxb7 $2 Rg8 32. Qd5 Qd1+ $19) (31.
Qxe7 Qd1+ (31... Rg8 32. Qf6+ $18) 32. Kh2 Bf4+ 33. Kh3 Bg5 $1 34. Qxg5 (34.
Qf7 $2 Qh1+ 35. Kg4 Qxg2+ 36. Kh5 Rg8 (36... h3 $2 37. Rxb7) 37. Qxb7 (37. Rxb7
Be7 $19) 37... Qh3 38. Qe4 Bc1 $19) (34. Qxb7 Qh1+ $1 (34... Rf8 35. g3 $1 Bc1
36. Ra2 (36. Qe4 Qf1+ $1 $19 (36... Bxb2 37. Qxh4+ $10)) 36... Rg8 37. Qe4 Bf4
$1 38. gxf4 Qb3+ 39. Kxh4 $1 (39. Kh2 $2 Qxa2 40. Qf3 Rg3 $1 41. Qh5+ Kg7 $19)
(39. Qe3 $2 Qd5 $1 (39... Rg3+ $2 40. Bxg3 Qxe3 41. Kxh4 $10) 40. Kxh4 Rg6 $3 (
40... Qh1+ 41. Qh3 Qe4 42. Qg4 $1 $10) 41. Ra3 $8 Qd7 42. Qf3 Rh6+ 43. Qh5 Qe7+
$19) 39... Qxa2 40. Qf3 Rg7 $14) 35. Kg4 Rg8 36. Kf5 (36. Kh5 h3 (36... Bc1 $19
) 37. Rb1 (37. g4 Qc1 $19) 37... Bc1 38. Bh4 hxg2 39. Rxc1 g1=Q $19) (36. Qf3
Bd8+ (36... Bc1+ $2 37. Kf5 Rf8+ 38. Kg6 $1) 37. Kh5 Qc1 38. Qe3 Rg5+ 39. Kh6
Qxb2 $19) 36... Qc1 $5 (36... h3 37. g3 Qd1 $17)) 34... Qh1+ 35. Kg4 Rg8 $15)
31... Rxd4 $1 $10 {/\} 32. Bxd4 Qxd4+ 33. Rf2 Be3) 31. Bxd4 Qxd4+ (31... Qd1+
$5 32. Kh2 (32. Qf1 Qxd4+ 33. Qf2 Qd1+ $10 (33... Bxe5 $10)) 32... Qxd4 33.
Qh5+ Kg8 34. Re2 Qf4+ 35. Kg1 Qc1+ 36. Kf2 Qf4+ 37. Qf3 Qd4+ 38. Kf1 (38. Qe3
Qxa4 $44) 38... Bxe5 $10) 32. Rf2 Qxe5 33. Rf5 Qe1+ 34. Rf1 Qe5 35. Kh1 $6 (35.
Qf4 $1 Qc5+ (35... Qxf4 36. Rxf4 Bf6 37. Rc4 Kg7 38. Rc7 b6 39. Kf1 $16 (39.
Rxa7 $6 b5 $1 $14)) 36. Kh1 Bf6 37. Qb8+ Kg7 38. Qxb7 Qc4 39. Qb5 Qe4 $14)
35... b6 36. Qf4 Qh5 (36... Qxf4 37. Rxf4 $16) 37. Qf5 (37. Qb8+ Kh7 38. Qxa7
Qe2 $1 $36 (38... h3 $10)) 37... Qe2 (37... Qxf5 38. Rxf5 Kg8 39. Kh2 Bf6 (
39... e6 40. Rf3 $16) 40. Rd5 Kf7 41. Rd7 a5 42. Kh3 $16) 38. Rc1 Bf6 39. Qg6
Qe6 40. Rd1 $14 Qc8 41. Rf1 Qd7 42. Qh5+ (42. Rf5 Qd1+ 43. Kh2 Qd6+ 44. Kh3
Qd3+ 45. Kg4 Qe2+ $10) (42. Rf4 Qd5 43. Kh2 Qe5 44. Qf5 Kg7 45. Kh3 Qe3+ 46.
Kg4 (46. Rf3 Qe1 47. Kg4 h3 $3 48. Rxh3 Qe2+ (48... Qd1+ $10) 49. Qf3 Qc2 $15)
46... Qe2+ $10) 42... Kg7 43. Rf4 Qd2 44. Rg4+ Kf8 45. Qf5 Qc1+ 46. Kh2 Qc7+
47. Qf4 (47. Kh3 Qc1 (47... Qc3+ $2 48. g3 hxg3 (48... Qc1 49. Qf3 $16 {
/\ 50.Qa8 Kf7 51.Qg8}) 49. Qd5 $1 (49. Qe6 g2+ 50. Kxg2 Qd2+ 51. Kh3 Qh6+ $10)
49... g2+ 50. Kxg2 Qc2+ 51. Kh3 Qc3+ (51... Qh7+ 52. Kg3 $16) 52. Rg3 Qc8+ 53.
Kg2 Qc2+ 54. Kf3 Qc3+ (54... Qxa4 $4 55. Qd8+ Qe8 56. Rg8+ $18) 55. Kg4 $36 {/\
} Qe5 56. Qxe5 Bxe5 57. Rf3+ Bf6 58. Rd3 Kf7 59. Rd7 a5 60. Kf5 Bc3 61. Rc7 Bf6
62. Rc6 Bd4 63. Ke4 Bc5 64. Kd5 Bf2 65. Rc1 Bc5 66. Re1 Ke8 67. Kc6 $16) 48.
Rf4 Kg7 (48... Qh1+ 49. Kg4 Qxg2+ 50. Kh5 $36 Qg8 51. Qc8+ Kf7 52. Qxg8+ Kxg8
53. Kg6 $16) 49. Kg4 (49. Rg4+ Kf8 $10) 49... Qd1+ 50. Rf3 h3 $1 51. gxh3 Qxa4+
$10) 47... Qxf4+ 48. Rxf4 Ke8 $10 {R 2/l} 49. Kg1 a6 50. Kf2 Kd7 51. Ke2 Kd6
52. Kd3 Kc5 53. Rc4+ Kd5 54. Rc7 a5 55. Rc4 e5 56. Rg4 Be7 57. Rg7 e4+ 58. Ke3
Bc5+ 59. Ke2 Bd4 60. Rg5+ Kc4 61. Rf5 (61. Rg4 b5 62. axb5 a4 $10) 61... Kc3 $1
(61... Kb3 62. Rf4 Bc5 63. Rxe4 Bb4 64. Rxh4 $16) 62. Rh5 (62. Rf4 b5 63. axb5
a4 64. Rf8 Kb4 $1) 62... Kc4 63. Rf5 Kc3 64. Rg5 Kc4 65. Rh5 Bf6 $1 (65... Kc3
$2 66. Rxh4 b5 67. axb5 a4 68. Rxe4 a3 69. Re6 $18) 66. Rh6 (66. Ke3 Kb3 67.
Rb5+ Kxa4 68. Rxb6 Bc3 69. Kxe4 Bb4 {/\ Kb3=}) 66... Bd4 67. Rh5 Bf6 68. Rh6
Bd4 69. Rxh4 b5 70. axb5 a4 71. Rxe4 a3 72. b6 a2 73. Rxd4+ Kxd4 74. b7 a1=Q
75. b8=Q Qa6+ 76. Kf2 Qf6+ 77. Kg1 Ke4 78. Qb4+ (78. Qb7+ Kf4 79. Qf3+ Kg5 80.
Qxf6+ Kxf6 81. Kh2 Kg6 $1 $10) 78... Kf5 79. Qe1 Qd4+ 1/2-1/2

[Event "World-ch33-KK4 Kasparov-Karpov +4-4=16"]
[Site "Seville"]
[Date "1987.11.04"]
[Round "9"]
[White "Karpov, Anatoly"]
[Black "Kasparov, Garry"]
[Result "1/2-1/2"]
[WhiteElo "2700"]
[BlackElo "2740"]
[Annotator "Bulletin"]
[PlyCount "140"]
[EventDate "1987.10.12"]
[EventType "match"]
[EventRounds "24"]
[EventCountry "ESP"]
[SourceTitle "MainBase"]
[Source "ChessBase"]
[SourceDate "1999.07.01"]
[SourceVersion "2"]
[SourceVersionDate "1999.07.01"]
[SourceQuality "1"]

1. d4 Nf6 2. c4 g6 3. Nc3 d5 4. cxd5 Nxd5 5. e4 Nxc3 6. bxc3 Bg7 7. Bc4 c5 8.
Ne2 Nc6 9. Be3 O-O 10. O-O Bg4 11. f3 Na5 12. Bxf7+ Rxf7 13. fxg4 Rxf1+ 14.
Kxf1 (14. Qxf1 Nc4 15. Qf3 cxd4 16. cxd4 Qb6 $44) 14... cxd4 15. cxd4 Qb6 $5 {
/\ e5} 16. Kg1 Qe6 17. Qd3 $1 {N; Zaitsev,I; 17.Ng3 - 39/(570)} Qxg4 18. Rf1
$14 (18. Rc1 Rc8 $10) 18... Rc8 (18... Rf8 19. Rxf8+ Bxf8 20. d5 b6 21. Nd4 $16
) 19. h3 (19. d5 Nc4 $1 20. Bxa7 $13) 19... Qd7 20. d5 Nc4 21. Bd4 (21. Nd4
Nxe3 22. Qxe3 Rc4 23. Ne6 Qxe6 24. dxe6 Bd4 25. Qxd4 Rxd4 26. Rf7 Rxe4 27. Rxe7
b5 $10) (21. Bxa7 b6 22. Bb8 $5 $13) 21... e5 (21... Ne5 22. Bxe5 (22. Qb3 $14
{Makarichev,S}) 22... Bxe5 23. Nd4 Bxd4+ $6 24. Qxd4 b6 25. e5 Qc7 26. Qg4 $1
$16 {Georgadze,T}) 22. dxe6 Qxe6 23. Bxg7 Kxg7 24. Nf4 Qd6 25. Qc3+ $36 Kh6 $1
(25... Qe5 $2 26. Ne6+ Kg8 27. Qxc4 $1 $18) (25... Kg8 26. Nd5 Nb6 27. Nf6+ Kh8
28. Qb2 Qc5+ 29. Kh2 Qc3 30. Ne8 Nd7 (30... Kg8 31. Qb5 Rc5 32. Nf6+ $1) 31.
Qxc3+ Rxc3 32. Rf7 Rd3 (32... Rc8 33. Nd6 $18) 33. e5 Kg8 34. e6 $18) 26. Nd5
Qe5 27. Qd3 (27. Qb4 Qxe4 $1 (27... Nd6 $6 28. Ne3 $1 Qc5 (28... Kg7 29. Rd1
Qxe4 30. Qb2+ {/\ Ng4+/-}) 29. Qe1 (29. Qxc5 Rxc5 30. e5 $1 $14) 29... Nc4 30.
Qh4+ Kg7 31. Qf6+ Kg8 (31... Kh6 32. Rf4 Qxe3+ 33. Kh2 $18) 32. Qe6+ Kh8 33.
Rf7 Qxe3+ 34. Kh2 $18) 28. Nf6 (28. Ne7 $2 a5) 28... a5 $3 $8 (28... Qe3+ 29.
Kh1 Ne5 30. Qh4+ $18) (28... Qd4+ 29. Kh1 Qc5 30. Ng4+ Kh5 $8 31. Qc3 $18) 29.
Qb5 $8 (29. Qc3 Qe3+ $17) (29. Qa4 Qd4+ 30. Kh1 Rf8 31. Ng4+ Kg7 $17) 29...
Qd4+ 30. Kh1 (30. Rf2 Qa1+ $1 31. Rf1 Qd4+ 32. Rf2 Qa1+ 33. Kh2 Qe5+) 30... Ne3
31. Qxb7 Nxf1 32. Ng4+ Kg5 33. Qe7+ (33. Qxc8 Ng3+ 34. Kh2 Ne2 $19) 33... Kf4
34. Qf7+ Kg3 35. Qxf1 h5 36. Qf3+ (36. Qe1+ Kf4 37. g3+ Kf5 $19) 36... Kh4 37.
g3+ Kxh3 38. Nf2+ Qxf2 $1 39. Qxf2 Rc1+ $19) (27. Qe1 $5 $14) 27... Kg7 28. Nf6
Qd6 29. Qc3 Qe5 30. Qd3 Qd6 31. Qc3 Qe5 32. Qb3 Rc7 33. Qd3 Rf7 $1 $10 34. Qxc4
Rxf6 35. Rd1 b5 $6 (35... Rc6 $6 36. Rd7+ Kh6 37. Qf1 Qc5+ 38. Kh1 Qc1 39. Rd1
$16) (35... Rf7 36. Rd5 $14) (35... Re6 $1 $10 {/\} 36. Rd7+ Re7 37. Rxe7+ Qxe7
38. Qd4+ Kf7 39. Qxa7 Qxe4) 36. Rd7+ Kh6 37. Qe2 Qc5+ (37... Qf4 38. e5 Rc6 39.
Rd1 Re6 40. Re1 $14) 38. Kh2 Qe5+ 39. g3 $14 Qc3 40. Kg2 Qc4 41. Qe3+ $1 (41.
Qxc4 bxc4 42. Rxa7 Rc6 43. Rf7 c3 44. Rf1 Ra6 45. Rf2 Rb6 $10) 41... g5 42. Rd2
Qf1+ 43. Kh2 Qf3 44. Qd4 $36 Re6 45. e5 Qf5 46. Re2 a5 {/\ <=> <<} (46... Qf7
47. Rc2 Qf5 48. Rc5 Qf3 (48... Qb1 $2 49. Qf2 Kg6 50. Rc7 $16) 49. Qd2 Qe4 (
49... a6 50. Qc2 $16) 50. Qf2 Kg6 51. Rc7 $16) 47. Qd5 (47. g4 Qf4+ 48. Qxf4
gxf4 $10) 47... b4 48. Qxa5 Qd3 49. Rg2 $8 Qd4 50. Qa8 (50. Qa4 $5 Rxe5 51. a3
Re1 $1 52. axb4 Rb1 53. Qa6+ Kg7 54. Qa5 h6 (54... Kh6 $6 55. h4 $1 $13) 55.
Qc7+ Kh8 56. Qc2 Rxb4 $1 (56... Qxb4 57. Qg6 $1 $16) 57. Rd2 Rc4 58. Qa2 Ra4
$10) 50... Qxe5 51. Qf8+ Kg6 52. Qxb4 h5 53. h4 $10 (53. a4 $5 $36 h4 54. Qf4
$5 {Zaitsev,I} hxg3+ $1 55. Qxg3 Kh5 $1 56. Ra2 Qxg3+ 57. Kxg3 Re3+ 58. Kg2 Kh4
59. a5 g4 $10) 53... gxh4 54. Qxh4 Rd6 55. Qc4 Rd4 56. Qc6+ Kg7 57. Qb7+ Kh6
58. Qc6+ Kg7 59. Rc2 Rh4+ 60. Kg2 Qe4+ 61. Qxe4 Rxe4 62. Rc7+ Kg6 63. Ra7 Re3
64. Kh3 Rc3 65. Ra8 Rc4 66. a4 Kg5 67. a5 Ra4 68. a6 Kh6 69. Kg2 Ra3 70. Kf2
Kg7 1/2-1/2

[Event "Khanty-Mansiysk Governor Cup-A 9th"]
[Site "Khanty-Mansiysk"]
[Date "2013.12.05"]
[Round "8"]
[White "Matlakov, Maxim"]
[Black "Kabanov, Nikolai"]
[Result "1/2-1/2"]
[WhiteElo "2700"]
[BlackElo "2477"]
[PlyCount "134"]
[EventDate "2013.11.28"]
[EventType "swiss"]
[EventRounds "9"]
[EventCountry "RUS"]
[SourceTitle "CBM 157 Extra"]
[Source "ChessBase"]
[SourceDate "2013.12.19"]
[SourceVersion "1"]
[SourceVersionDate "2013.12.19"]
[SourceQuality "1"]

1. Nf3 Nf6 2. c4 g6 3. g3 Bg7 4. Bg2 O-O 5. O-O d6 6. d4 c6 7. Nc3 Qa5 8. e4 e5
9. h3 Nbd7 10. Be3 Nb6 11. Qd3 exd4 12. Nxd4 Qa6 13. b3 d5 14. exd5 Nbxd5 15.
Nxd5 Nxd5 16. Bd2 Rd8 17. Qe4 Qb6 18. Nf3 Bf5 19. Qh4 Nc3 20. Rae1 Rxd2 21.
Nxd2 Bd3 22. Re7 Bxf1 23. Bxf1 Nxa2 24. c5 Qxc5 25. Bc4 Rf8 26. Ne4 Qd4 27. Ng5
Qxh4 28. gxh4 b5 29. Bxf7+ Kh8 30. Rxa7 Nb4 31. Ne6 Rb8 32. h5 gxh5 33. Bxh5
Bf6 34. Rf7 Nd5 35. f4 Kg8 36. f5 c5 37. Rd7 Ne7 38. Nxc5 Nxf5 39. Kg2 Nd4 40.
Bf7+ Kh8 41. Ne4 Bg7 42. Bd5 Ne2 43. Kf3 Nc3 44. Ng5 Nxd5 45. Rxd5 b4 46. Ne6
Bc3 47. Ke4 Kg8 48. Ra5 Kf7 49. Kf5 Ke7 50. Nf4 Kd6 51. Ra6+ Kc5 52. Ne6+ Kd5
53. Ra7 Kd6 54. Ra6+ Kd5 55. Nf4+ Kd4 56. Rd6+ Ke3 57. Nd5+ Ke2 58. Nf4+ Kf2
59. Rd7 Rf8+ 60. Ke4 Re8+ 61. Kd3 Re3+ 62. Kc2 h6 63. h4 Kg3 64. Nd5 Re2+ 65.
Kd3 Rd2+ 66. Kc4 h5 67. Re7 Rd4+ 1/2-1/2

[Event "Neckar op-A 13th"]
[Site "Deizisau"]
[Date "2009.??.??"]
[Round "7"]
[White "Naiditsch, Arkadij"]
[Black "Spoelman, Wouter"]
[Result "1/2-1/2"]
[WhiteElo "2700"]
[BlackElo "2512"]
[PlyCount "177"]
[EventDate "2009.04.09"]
[EventType "swiss"]
[EventRounds "9"]
[EventCountry "GER"]
[SourceTitle "CBM 129 Extra"]
[Source "ChessBase"]
[SourceDate "2009.05.05"]
[SourceVersion "2"]
[SourceVersionDate "2009.05.20"]
[SourceQuality "1"]

1. e4 c5 2. Nf3 d6 3. d4 cxd4 4. Nxd4 Nf6 5. Nc3 a6 6. Bg5 Nbd7 7. f4 Qc7 8.
Qe2 e6 9. O-O-O b5 10. a3 Bb7 11. g4 Be7 12. Bg2 Rc8 13. Bxf6 Nxf6 14. g5 Nd7
15. h4 Qc4 16. Qe1 b4 17. axb4 Qxb4 18. f5 e5 19. Nb3 Nb6 20. Kb1 a5 21. Nd5
Qxe1 22. Rhxe1 Bxd5 23. exd5 a4 24. Nd2 h6 25. Ne4 hxg5 26. hxg5 Rh2 27. Rg1
Rc4 28. f6 gxf6 29. gxf6 Bf8 30. Rde1 Nxd5 31. c3 a3 32. Nxd6+ Bxd6 33. Bxd5
Rxb2+ 34. Ka1 Rxc3 35. Rg7 Bc5 36. Bxf7+ Kd8 37. Be6 Rf3 38. Bg4 Rxf6 39. Rd7+
Ke8 40. Rxe5+ Kf8 41. Rxc5 Rf1+ 42. Bd1 Ke8 43. Rd3 Rbf2 44. Rc1 a2 45. Ra3 Ke7
46. Ra7+ Kd6 47. Ra8 Ke7 48. Rxa2 Rxa2+ 49. Kxa2 Kd6 50. Kb2 Rg1 51. Ra1 Rg2+
52. Bc2 Ke5 53. Kc3 Rg7 54. Ra5+ Kd6 55. Kd4 Rc7 56. Be4 Ke7 57. Ke5 Kd8 58.
Bf5 Ke7 59. Be6 Rb7 60. Bd5 Rc7 61. Ra8 Rd7 62. Rg8 Rc7 63. Rh8 Rd7 64. Rh7+
Kd8 65. Rh6 Ke7 66. Be6 Rc7 67. Kd5 Kd8 68. Kd6 Rd7+ 69. Ke5 Rb7 70. Rh8+ Kc7
71. Rc8+ Kb6 72. Kd6 Kb5 73. Bd5 Rb6+ 74. Ke5 Kb4 75. Kd4 Rb5 76. Rc6 Rb8 77.
Ra6 Rb5 78. Bc4 Rb7 79. Ra1 Rb6 80. Ra2 Rd6+ 81. Bd5 Rb6 82. Rc2 Rb5 83. Bc6
Rb6 84. Rc4+ Kb3 85. Ba4+ Ka3 86. Kc5 Rb8 87. Rf4 Rc8+ 88. Bc6 Kb2 89. Rf3
1/2-1/2

[Event "EU-ch 14th"]
[Site "Legnica"]
[Date "2013.05.07"]
[Round "3"]
[White "Cheparinov, Ivan"]
[Black "Ipatov, Alexander"]
[Result "0-1"]
[WhiteElo "2700"]
[BlackElo "2588"]
[PlyCount "96"]
[EventDate "2013.05.05"]
[EventType "swiss"]
[EventRounds "11"]
[EventCountry "POL"]
[SourceTitle "CBM 155"]
[Source "ChessBase"]
[SourceDate "2013.07.16"]
[SourceVersion "1"]
[SourceVersionDate "2013.07.16"]
[SourceQuality "1"]

1. d4 Nf6 2. c4 e6 3. Nc3 d5 4. cxd5 exd5 5. Bg5 Be7 6. e3 c6 7. Qc2 Nbd7 8.
Bd3 O-O 9. Nge2 Re8 10. O-O h6 11. Bh4 b6 12. f3 c5 13. Rad1 Bb7 14. Bf2 a6 15.
Bf5 Qc7 16. Kh1 Rad8 17. Qd2 b5 18. dxc5 Bxc5 19. Nd4 Ne5 20. b3 Bb4 21. Rc1
Ba3 22. Nxd5 Qd6 23. Nf4 Bxc1 24. Rxc1 Qa3 25. Rc7 Ba8 26. Qc2 Qd6 27. Bg3 Qb6
28. Nfe6 fxe6 29. Bh7+ Kh8 30. Bxe5 Rd7 31. Rxd7 Nxd7 32. Qg6 Re7 33. Qxh6 Nxe5
34. Qh4 g5 35. Qh6 Qc7 36. Bf5+ Kg8 37. Bxe6+ Nf7 38. Bxf7+ Kxf7 39. Qh7+ Ke8
40. Qg6+ Kd7 41. Qf5+ Ke8 42. Qg6+ Kd8 43. h4 Qc1+ 44. Kh2 Qxe3 45. Qd6+ Ke8
46. Qg6+ Kd7 47. Qf5+ Kd6 48. Qg4 Be4 0-1